| 000 | 00798cab a22002055a 4500 | ||
|---|---|---|---|
| 001 | L144454 | ||
| 008 | 080721s2008 xxk f 000 0 eng d | ||
| 035 | _a(Sirsi) u144454 | ||
| 041 | 0 | _aeng | |
| 110 | 2 |
_aAsiaProperty _95571 |
|
| 245 | 0 | 0 | _aCenturies-old trading links between India and the Gulf could be spectacularly revived in property development |
| 260 | _c2008 | ||
| 490 | 0 |
_aAsia Property _vMay 2008, 7(1) |
|
| 520 | _aExplains that the Gulf states view the Indian sub-continent as an obvious partner because of a long history of mutual trade and a large Indian community in the region. As a result, property investors are moving in. | ||
| 590 | _aKA | ||
| 651 | 4 | _aIndia | |
| 651 | 4 | _aMiddle East | |
| 690 | _aPROPERTY-COMMERCIAL PROPERTY-COMMERCIAL PROPERTY MARKET | ||
| 942 | _n0 | ||
| 999 |
_c80472 _d80472 |
||